| 000 | 00415cam a2200169ua 4500 | ||
|---|---|---|---|
| 041 |
_aeng _h |
||
| 082 |
_a828.09 _bDAR/PO |
||
| 100 | _aDarbishire, Helen . | ||
| 245 |
_aPoet Wordsworth / _cHelen Darbishire. _hTextual Documents |
||
| 250 |
_a1 / _b. |
||
| 260 |
_aLondon : _bOxford University Press , _c1962. |
||
| 300 | _a182 ; . | ||
| 504 | _a | ||
| 942 | _cBK | ||
| 999 |
_c3499 _d3499 |
||